One Piece: Highest Bounty Battle - Statistics

General Stats
  • This quiz has been taken 2,614 times
  • The average score is 3 of 10
Answers on the Grid
Answers color-coded by a green-red scale on the quiz's grid according to % correct below.
Nico Robin
Monkey D. Luffy
Crocodile
Gol D. Roger
Edward Newgate
Kaido
Marco
Katakuri
King
Buggy
Marshall D. Teach
Boa Hancock
Jinbe
Roronoa Zoro
Sanji
Donquixote Doflamingo
Portgas D. Ace
Charlotte Cracker
Brook
Nami
Franky
Trafalgar D. Water Law
Dracule Mihawk
Eustass Kid
Bartholomew Kuma
Gecko Moria
Edward Weevil
Queen
Jack
Charlotte Smoothie
 
Answer Stats
Answer % Correct
Monkey D. Luffy
87%
Gol D. Roger
81%
Marshall D. Teach
28%
King
27%
Roronoa Zoro
26%
Charlotte Cracker
15%
Dracule Mihawk
13%
Franky
11%
Queen
10%
Edward Weevil
6%
No matching quizzes found
Score Distribution
Percent of People with Each Score
Percentile by Number Answered
Your Score History
You have not taken this quiz